| 000 -LEADER |
| fixed length control field |
00888nam a2200205 4500 |
| 008 - FIXED-LENGTH DATA ELEMENTS--GENERAL INFORMATION |
| fixed length control field |
250528b xxu||||| |||| 00| 0 eng d |
| 040 ## - CATALOGING SOURCE |
| Original cataloging agency |
Cagayan State University |
| Description conventions |
RDA |
| 050 ## - LIBRARY OF CONGRESS CALL NUMBER |
| Classification number |
791.4732 |
| 245 ## - TITLE STATEMENT |
| Title |
AVA 2020 |
| Statement of responsibility, etc |
Tate Taylor/ Writers Matthew Newton/ Editor Zach Staenberg |
| 260 ## - PUBLICATION, DISTRIBUTION, ETC. (IMPRINT) |
| Place of publication, distribution, etc |
United States |
| Name of publisher, distributor, etc |
Vertical Entertainment |
| Date of publication, distribution, etc |
September 25, 2020 |
| 300 ## - PHYSICAL DESCRIPTION |
| Extent |
1 video file, ca, 96 mins. |
| Other physical details |
sound, color. |
| 521 ## - TARGET AUDIENCE NOTE |
| Target audience note |
Ava is a deadly assassin who works for a black ops organization, traveling the globe specializing in high profile hits. When a job goes dangerously wrong she is forced to fight for her own survival. |
| 650 ## - SUBJECT ADDED ENTRY--TOPICAL TERM |
| Topical term or geographic name as entry element |
Action, Crime, Drama, Thriller. |
| 700 ## - ADDED ENTRY--PERSONAL NAME |
| Personal name |
Jessica Chastain, star. |
| 700 ## - ADDED ENTRY--PERSONAL NAME |
| Personal name |
Stephen Goldblatt, cinematographer. |
| 700 ## - ADDED ENTRY--PERSONAL NAME |
| Personal name |
Zach Staenberg, editor. |
| 700 ## - ADDED ENTRY--PERSONAL NAME |
| Personal name |
Common, star. |
| 700 ## - ADDED ENTRY--PERSONAL NAME |
| Personal name |
John Malkovich, star. |
| 942 ## - ADDED ENTRY ELEMENTS (KOHA) |
| Source of classification or shelving scheme |
|
| Item type |
Audio-Visual Materials |